<?xml version="1.0" encoding="UTF-8"?><?xml-stylesheet type="text/xsl" href="static/style.xsl"?><OAI-PMH xmlns="http://www.openarchives.org/OAI/2.0/" xmlns:xsi="http://www.w3.org/2001/XMLSchema-instance" xsi:schemaLocation="http://www.openarchives.org/OAI/2.0/ http://www.openarchives.org/OAI/2.0/OAI-PMH.xsd"><responseDate>2026-04-13T03:07:57Z</responseDate><request verb="GetRecord" identifier="oai:www.recercat.cat:11351/13061" metadataPrefix="marc">https://recercat.cat/oai/request</request><GetRecord><record><header><identifier>oai:recercat.cat:11351/13061</identifier><datestamp>2025-10-24T07:47:00Z</datestamp><setSpec>com_2072_451667</setSpec><setSpec>com_2072_378040</setSpec><setSpec>col_2072_451668</setSpec></header><metadata><record xmlns="http://www.loc.gov/MARC21/slim" xmlns:dcterms="http://purl.org/dc/terms/" xmlns:xsi="http://www.w3.org/2001/XMLSchema-instance" xmlns:doc="http://www.lyncode.com/xoai" xsi:schemaLocation="http://www.loc.gov/MARC21/slim http://www.loc.gov/standards/marcxml/schema/MARC21slim.xsd">
   <leader>00925njm 22002777a 4500</leader>
   <datafield ind2=" " ind1=" " tag="042">
      <subfield code="a">dc</subfield>
   </datafield>
   <datafield ind2=" " ind1=" " tag="720">
      <subfield code="a">Lluansí, Aleix</subfield>
      <subfield code="e">author</subfield>
   </datafield>
   <datafield ind2=" " ind1=" " tag="720">
      <subfield code="a">Llirós, Marc</subfield>
      <subfield code="e">author</subfield>
   </datafield>
   <datafield ind2=" " ind1=" " tag="720">
      <subfield code="a">Oliver, Lia</subfield>
      <subfield code="e">author</subfield>
   </datafield>
   <datafield ind2=" " ind1=" " tag="720">
      <subfield code="a">Bahí, Anna</subfield>
      <subfield code="e">author</subfield>
   </datafield>
   <datafield ind2=" " ind1=" " tag="720">
      <subfield code="a">Elias Masiques, Núria</subfield>
      <subfield code="e">author</subfield>
   </datafield>
   <datafield ind2=" " ind1=" " tag="720">
      <subfield code="a">Gonzalez, Marina</subfield>
      <subfield code="e">author</subfield>
   </datafield>
   <datafield ind2=" " ind1=" " tag="720">
      <subfield code="a">Busquets, David</subfield>
      <subfield code="e">author</subfield>
   </datafield>
   <datafield ind2=" " ind1=" " tag="720">
      <subfield code="a">Torrealba Medina, Leyanira Del Valle</subfield>
      <subfield code="e">author</subfield>
   </datafield>
   <datafield ind2=" " ind1=" " tag="720">
      <subfield code="a">Buxó Pujolràs, Maria</subfield>
      <subfield code="e">author</subfield>
   </datafield>
   <datafield ind2=" " ind1=" " tag="720">
      <subfield code="a">Cambra, Maria</subfield>
      <subfield code="e">author</subfield>
   </datafield>
   <datafield ind2=" " ind1=" " tag="720">
      <subfield code="a">Aldeguer, Xavier</subfield>
      <subfield code="e">author</subfield>
   </datafield>
   <datafield ind2=" " ind1=" " tag="720">
      <subfield code="a">Sàbat Mir, Míriam</subfield>
      <subfield code="e">author</subfield>
   </datafield>
   <datafield ind2=" " ind1=" " tag="260">
      <subfield code="c">2025-05-09T12:14:31Z</subfield>
   </datafield>
   <datafield ind2=" " ind1=" " tag="260">
      <subfield code="c">2025-05-09T12:14:31Z</subfield>
   </datafield>
   <datafield ind2=" " ind1=" " tag="260">
      <subfield code="c">2021-10-11</subfield>
   </datafield>
   <datafield ind2=" " ind1=" " tag="520">
      <subfield code="a">Pa; Microbiota intestinal; Fermentació</subfield>
   </datafield>
   <datafield ind2=" " ind1=" " tag="520">
      <subfield code="a">Pan; Microbiota intestinal; Fermentación</subfield>
   </datafield>
   <datafield ind2=" " ind1=" " tag="520">
      <subfield code="a">Bread; Gut microbiota; Fermentation</subfield>
   </datafield>
   <datafield ind2=" " ind1=" " tag="520">
      <subfield code="a">Inflammatory bowel disease (IBD), including its two main categories (Crohn's disease and ulcerative colitis), has been linked both to gut microbiota and to diet. Bread is a daily food that has a potential capacity as a prebiotic. Our aim was to evaluate different bread-making processes and their effect on fecal colonic microbiota in IBD patients. The microbial composition of several sourdoughs and dough samples was analyzed by high-throughput sequencing of 16S and 18S rRNA genes. Three types of bread, which followed different bread-making processes, were in vitro digested and incubated with feces from IBD patients. Changes in gut microbiota were assessed by a quantitative polymerase chain reaction using specific bacterial sequence targets. Short-chain fatty acid production was also analyzed by gas chromatography. Lactobacillus sanfranciscensis was the dominant lactic acid bacteria species found in sourdough and bread doughs prepared using sourdough, whereas Saccharomyces cerevisiae was the most dominant yeast in all groups, especially in bread doughs before baking. Differences in microbial composition in raw bread doughs were more related to the type of dough and elaboration than to fermentation time lengths. The analysis of in vitro fecal incubations with bread conditions revealed an increase in most bacterial groups analyzed and short-chain fatty acid production, both in Crohn's disease and ulcerative colitis samples. Most remarkable increases in short-chain fatty acid production mirrored higher abundances of Roseburia species. The potential prebiotic properties observed were mainly obtained when using a high quantity of bread, regardless of bread type. Overall, this study highlights the bacterial dynamics within the bread-making process and the potential prebiotic effect in IBD patients.</subfield>
   </datafield>
   <datafield ind2=" " ind1=" " tag="520">
      <subfield code="a">AL benefits from a grant included within the Ministry of Economy, Industry and Competitiveness (MINECO) RETOS program (RTC-2017-6467-2). LO, JA, MM, MSe, SR-P, MS-P, and LJG-G are employees of GoodGut. IE, NE-M, PB, MG, EC, and MT are employees of Elias–Boulanger who have received funding from RTC-2017 program. SD-A was an employee of Boehringer-Ingelheim who has received public and private funding from other funds. The funders had no role in study design, data collection and analysis, decision to publish or manuscript preparation.</subfield>
   </datafield>
   <datafield ind1="8" ind2=" " tag="024">
      <subfield code="a">http://hdl.handle.net/11351/13061</subfield>
   </datafield>
   <datafield tag="653" ind2=" " ind1=" ">
      <subfield code="a">Pa</subfield>
   </datafield>
   <datafield tag="653" ind2=" " ind1=" ">
      <subfield code="a">Fermentació</subfield>
   </datafield>
   <datafield tag="653" ind2=" " ind1=" ">
      <subfield code="a">Intestins - Microbiologia</subfield>
   </datafield>
   <datafield tag="653" ind2=" " ind1=" ">
      <subfield code="a">PHENOMENA AND PROCESSES::Physiological Phenomena::Diet, Food, and Nutrition::Food::Bread</subfield>
   </datafield>
   <datafield tag="653" ind2=" " ind1=" ">
      <subfield code="a">PHENOMENA AND PROCESSES::Microbiological Phenomena::Microbiota::Gastrointestinal Microbiome</subfield>
   </datafield>
   <datafield tag="653" ind2=" " ind1=" ">
      <subfield code="a">DISEASES::Pathological Conditions, Signs and Symptoms::Pathologic Processes::Dysbiosis</subfield>
   </datafield>
   <datafield tag="653" ind2=" " ind1=" ">
      <subfield code="a">FENÓMENOS Y PROCESOS::fenómenos fisiológicos::dieta, alimentación y nutrición::alimentos::pan</subfield>
   </datafield>
   <datafield tag="653" ind2=" " ind1=" ">
      <subfield code="a">FENÓMENOS Y PROCESOS::fenómenos microbiológicos::microbiota::microbiota intestinal</subfield>
   </datafield>
   <datafield tag="653" ind2=" " ind1=" ">
      <subfield code="a">ENFERMEDADES::afecciones patológicas, signos y síntomas::procesos patológicos::disbacteriosis</subfield>
   </datafield>
   <datafield ind2="0" ind1="0" tag="245">
      <subfield code="a">In vitro Prebiotic Effect of Bread-Making Process in Inflammatory Bowel Disease Microbiome</subfield>
   </datafield>
</record></metadata></record></GetRecord></OAI-PMH>